<The> Dependancy of E-market Seller Reputation on Buyers Behaviour

Úloha reputácie predajcu, ovplyvňujúca nákupné správanie obstarávateľov.

Salvato in:
Dettagli Bibliografici
Autore principale: Dráb, Radovan
Altri autori: Mihóková, Lucia, Kmeťová, Oľga, 1959-
Natura: Capitolo di libro
Lingua:inglese
Soggetti:
Tags: Aggiungi Tag
Nessun Tag, puoi essere il primo ad aggiungerne!!

MARC

LEADER 00000nla a2200000 4500
001 0209838
005 20240502083524.0
041 0 |a eng 
044 |a RO 
245 1 0 |a <The> Dependancy of E-market Seller Reputation on Buyers Behaviour  |c Radovan Dráb, Lucia Mihóková, Oľga Kmeťová 
520 |a Úloha reputácie predajcu, ovplyvňujúca nákupné správanie obstarávateľov. 
610 2 0 |a spokojnosť zákazníkov 
610 2 0 |a testovanie hypotéz 
610 2 0 |a predajcovia 
100 1 |a Dráb, Radovan 
700 1 |a Mihóková, Lucia 
700 1 |a Kmeťová, Oľga, 1959-